Historia ilustrada de las formas artísticas (Record no. 52180)

MARC details
000 -LEADER
campo de control de longitud fija 00544nam a2200145 i 4500
001 - NÚMERO DE CONTROL
campo de control 52180
003 - IDENTIFICADOR DE NÚMERO DE CONTROL
campo de control ES-MaACL
007 - CAMPO FIJO DE DESCRIPCIÓN FÍSICA--INFORMACIÓN GENERAL
campo de control de longitud fija t|
008 - DATOS DE LONGITUD FIJA--INFORMACIÓN GENERAL
campo de control de longitud fija 030826s1984 sp ||||1| spa d
100 1# - ENTRADA PRINCIPAL--NOMBRE DE PERSONA
Nombre de persona Christie, Yves.
9 (RLIN) 38662
245 10 - MENCIÓN DEL TÍTULO
Título Historia ilustrada de las formas artísticas
Resto del título : . 5 : El mundo cristiano hasta el siglo XI /
Mención de responsabilidad, etc. autor, Yves Christie ; dibujos, Thierry Bndroit ; [traductores, Jesús Villaverde y Pablo Martín].
260 ## - PUBLICACIÓN, DISTRIBUCIÓN, ETC.
Lugar de publicación, distribución, etc. Madrid :
Nombre del editor, distribuidor, etc. Alianza,
Fecha de publicación, distribución, etc. [1984]
300 ## - DESCRIPCIÓN FÍSICA
Extensión 159 p. :
Otras características físicas il. ;
Dimensiones 18 cm.
852 ## - LOCALIZACIÓN
Ubicación ES-MaACL
Número de control de estantería L-7175
Sublocalización o colección R.107874
Holdings
Estatus retirado Estado de pérdida Estado de daño No para préstamo Biblioteca de origen Biblioteca actual Ubicación en estantería Fecha de adquisición Fuente de adquisición Total de préstamos Signatura topográfica completa Código de barras Visto por última vez Precio de reemplazo Tipo de ítem Koha
        Biblioteca del Ateneo de Madrid Biblioteca del Ateneo de Madrid Depósito 2 17/01/2008     L-7175 1054855 23/02/2023 23/02/2023 Libro impreso